A REVIEW of forestry and forest industries in the Asia-Pacific region
| Corporate Author: | |
|---|---|
| Format: | Book |
| Published: |
Manila :
Asian Development Bank ,
1987
|
| Subjects: |
MARC
| LEADER | 00000cam a2200000 7i4500 | ||
|---|---|---|---|
| 001 | 0000002258 | ||
| 005 | 20030418.0 | ||
| 090 | 0 | 0 | |a 634.98095 |b REV 1987 |
| 245 | 0 | 2 | |a A REVIEW of forestry and forest industries in the Asia-Pacific region |c Asian Development Bank |
| 260 | 0 | 0 | |a Manila : |b Asian Development Bank , |c 1987 |
| 300 | |a viii, 308 p. ; |c 23 cm. | ||
| 650 | 0 | 0 | |a Forest products |z Asia |
| 650 | 0 | 0 | |a Forests and forestry |z Asia |
| 710 | 1 | 1 | |a Asian Development Bank (ADB) |
| 998 | |a JPSM | ||
| 999 | |a 0000003824 |b Monograph |c Open Shelf |e Default branch | ||